| 000 | 00661nam a2200193 a 4500 | ||
|---|---|---|---|
| 003 | 0 | ||
| 005 | 20250312194843.0 | ||
| 008 | 080724s19uu xx 00 eng d | ||
| 050 |
_aPGS LB 1027.23 _b.G424 2008 |
||
| 100 | _aGhim, Han Na | ||
| 245 |
_aThe perceptions of Korean students on the SISC climate / _cHan Na Ghim. |
||
| 260 |
_aLas PiƱas City, Philippines : _bSouthville International School and Colleges, _c2008. |
||
| 300 |
_a28 pages : _billustrations ; _c28 cm. |
||
| 504 | _aIncludes bibliographic references. | ||
| 650 | _aSchool environment. | ||
| 650 | _aSchool climate. | ||
| 650 |
_aKorean students _vEducation. |
||
| 942 |
_2lcc _cPASS |
||
| 999 |
_c97918 _d97918 |
||